000 00442cam a2200169ua 4500
003 OSt
008 250823b |||||||| |||| 00| 0 eng d
041 _aeng
082 _a629.287
_bJUD/AU
100 _aJudge, A W .
_97769
245 _aAutomobile engine overhaul /
250 _a1 /
260 _aLondon :
_bSir Isaac Pitman & Sons Ltd ,
_c1959.
300 _a234 ; .
490 0 _aPitman`s automobile maintenance series,
942 _cBK
999 _c5726
_d5726